Statystyki dla Państwa z największą liczbą użytkowników internetu

Kliknij tutaj aby rozwiązać quiz!

Ogólne statystyki

  • Ten quiz został rozwiązany 29 razy
  • Średni wynik to 10 z 12

Statystyki odpowiedzi

HintOdpowiedź% Poprawnych
1Chiny
100%
3Usa
100%
11Meksyk
93%
10Niemcy
93%
7Rosja
93%
6Japonia
89%
4Brazylia
86%
2Indie
86%
5Indonezja
71%
12Wielka Brytania
71%
9Bangladesz
46%
8Nigeria
43%

Rozkład punktacji

Percentyl według liczby udzielonych odpowiedzi

Procent ludzi z każdym wynikiem

Twoja historia wyników

Nie rozwiązałeś tego quizu